000 00766nam a2200253Ia 4500
003 OSt
005 20221005083656.0
006 a|||||r|||| 00| 0
007 ta
008 221004b |||||||| |||| 00| 0 spa d
020 _a9789382711100 (pbk)
024 _a8839
037 _bGift, 03/02/2014,
_cTextual
040 _aCRL
_cCRL
_bspa
041 _2spa
_aspa
082 _aO123,3N53,AT, 111Q3
100 _aSaavedra Juan Alfredo Pinto
_9312065
245 0 _aAtalaya xxi
_b When nature hits back
260 _aNew Delhi
_bVitasta India
_c2013
300 _a185p.
_ccm.
650 _aSPANISH LITERATURE
_937272
942 _hO123,3N53,AT, 111Q3
_cTEXL
_2cc
999 _c991343
_d991343